Vplyv finančných trhov na dôchodkové systémy
Vývoj akciových trhov a efektívnosť dlhodobého finančného investovania. Porovnávanie výnosnosti akciového trhu s termínovanými vkladmi. Výnosnosť investícií v horizonte rokov 1970 až 2009. Najdôležitejšie prvky zostavenia diverzifikovaného portfólia.
Salvato in:
| Autore principale: | |
|---|---|
| Altri autori: | |
| Natura: | Capitolo di libro |
| Lingua: | slovacco |
| Soggetti: | |
| Tags: |
Nessun Tag, puoi essere il primo ad aggiungerne!!
|
MARC
| LEADER | 00000naa a2200000 4500 | ||
|---|---|---|---|
| 001 | 0146567 | ||
| 005 | 20240502072638.1 | ||
| 041 | 0 | |a slo | |
| 044 | |a SK | ||
| 245 | 1 | 0 | |a Vplyv finančných trhov na dôchodkové systémy |c Božena Chovancová, Peter Árendáš |
| 520 | |a Vývoj akciových trhov a efektívnosť dlhodobého finančného investovania. Porovnávanie výnosnosti akciového trhu s termínovanými vkladmi. Výnosnosť investícií v horizonte rokov 1970 až 2009. Najdôležitejšie prvky zostavenia diverzifikovaného portfólia. | ||
| 610 | 2 | 0 | |a trh finančný |
| 610 | 2 | 0 | |a trh akciový |
| 610 | 2 | 0 | |a investície |
| 610 | 2 | 0 | |a obchody burzové |
| 610 | 2 | 0 | |a fondy penzijné |
| 610 | 2 | 0 | |a portfólio |
| 610 | 2 | 0 | |a volatilita |
| 610 | 2 | 0 | |a výnosy |
| 100 | 1 | |a Chovancová, Božena | |
| 700 | 1 | |a Árendáš, Peter, 1986- | |